000 02578nam a2200541 i 4500
001 xx005113690
003 NUKAT
005 20260410215320.0
008 210416s1937 pl a |001 0 pol c
035 _a(OCoLC)1253431705
035 _a(NUKAT)xx005113690
040 _aWA 392/MD
_bpol
_erda
_cWA 392/MD
_dWA 392/TB
100 1 _aPiłsudski, Józef
_d(1867-1935).
_eAutor
_913197
245 1 0 _aPisma zbiorowe :
_bwydanie prac dotychczas drukiem ogłoszonych.
_nT. 9 /
_cJózef Piłsudski ; tom niniejszy zredagował, wstępem i przypisami zaopatrzył Kazimierz Świtalski ; okładkę projektował Tadeusz Gronowski.
246 1 8 _aPisma zbiorowe Józefa Piłsudskiego
260 _aWarszawa :
_bInstytut Józefa Piłsudskiego Poświęcony Badaniu Najnowszej Historii Polski,
_c1937
_e(Kraków :
_fdruk W. L. Anczyca i Spółki).
300 _a[4], 332, VIII stron, [1] karta tablic, [1] karta tablic złożona :
_bilustracje ;
_c23 cm +
_enota redakcyjna : 1 strona ; 22 cm.
336 _aTekst
_btxt
_2rdacontent
337 _aBez urządzenia pośredniczącego
_bn
_2rdamedia
338 _aWolumin
_bnc
_2rdacarrier
380 _aKsiążki
380 _aLiteratura faktu, eseje, publicystyka
380 _aProza
386 _mPrzynależność kulturowa
_aLiteratura polska
388 1 _a1901-2000
388 1 _a1918-1939
504 _aIndeksy.
600 1 7 _aPiłsudski, Józef
_d(1867-1935)
_xmyśl polityczna i społeczna.
_2kaba
_939494
600 1 7 _aPiłsudski, Józef
_d(1867-1935)
_xzbiory dokumentalne.
_2kaba
_939843
600 1 7 _aBiliński, Bronisław
_d(1913-1996)
_xkrytyka i interpretacja.
_2kaba
_939844
600 1 4 _aDaszyński, Ignacy
_d(1866-1936)
_vpamiętniki.
_2kaba
_914359
610 2 4 _aLegiony Polskie
_xhistoria.
_2kaba
_915539
648 7 _a1901-2000
_2DBN
_934996
648 7 _a1918-1939
_2DBN
_936041
650 7 _aPolityka
_2DBN
_935231
650 7 _aIdee polityczne
_zPolska
_y1900-1945.
_2kaba
_933151
651 7 _aPolska
_2DBN
_935076
651 7 _aPolska
_y1918-1939 (II Rzeczpospolita).
_2kaba
_91394
655 7 _aMowy
_2DBN
_936872
655 7 _aPublicystyka
_2DBN
_935056
655 7 _aPrzemówienia polskie
_y1900-1945.
_2kaba
_935519
658 _aPolityka, politologia, administracja publiczna
700 1 _aŚwitalski, Kazimierz
_d(1886-1962).
_eRedakcja
_936146
700 1 _aGronowski, Tadeusz
_d(1894-1990).
_eProjekt graficzny
_939496
710 2 _aInstytut Józefa Piłsudskiego Poświęcony Badaniu Najnowszej Historii Polski (1936-1939).
_eWydawca
_4pbl
_97498
710 2 _aW. L. Anczyc i Spółka.
_eDruk
_4prt
_94292
942 _2ddc
_cBK_NM
999 _c27521
_d27521